[Event "Budapest FS08 Nadassy"]
[Site "Budapest"]
[Date "2022.08.14"]
[Round "8.3"]
[White "Hradeczky, Tamas"]
[Black "Zoldy, Robert"]
[Result "1-0"]
[WhiteElo "1869"]
[BlackElo "1852"]
[PlyCount "51"]
[EventDate "2022.08.06"]
[EventType "tourn"]
[EventRounds "12"]
[EventCountry "HUN"]
[SourceTitle "CBM 209 Extra"]
[Source "ChessBase"]
[SourceDate "2022.09.30"]
[SourceVersion "1"]
[SourceVersionDate "2022.09.30"]
[SourceQuality "1"]
[WhiteTeam "Team Higher Elo"]
[BlackTeam "Team Lower Elo"]
[WhiteTeamCountry "HUN"]
[BlackTeamCountry "HUN"]

1. e4 e5 2. Nf3 Nc6 3. Bc4 Nf6 4. d4 exd4 5. e5 Ne4 6. c3 d5 7. Bb3 Be6 8. cxd4 Bb4+ 9. Nbd2 0-0 10. a3 Ba5 11. h3 h6 12. 0-0 Bb6 13. Nb1 f6 14. Nc3 Nxc3 15. bxc3 fxe5 16. dxe5 Na5 17. Bc2 c5 18. g4 Qd7 19. Qd3 Kf7 20. Qg6+ Ke7 21. Qxg7+ Rf7 22. Qxh6 Rg8 23. Bg5+ Ke8 24. Bg6 Rxg6 25. Qxg6 Bxg4 26. e6 1-0

[Event "Budapest FS08 Nadassy"]
[Site "Budapest"]
[Date "2022.08.07"]
[Round "2.3"]
[White "Zoldy, Robert"]
[Black "Hradeczky, Tamas"]
[Result "1-0"]
[WhiteElo "1852"]
[BlackElo "1869"]
[PlyCount "93"]
[EventDate "2022.08.06"]
[EventType "tourn"]
[EventRounds "12"]
[EventCountry "HUN"]
[SourceTitle "CBM 209 Extra"]
[Source "ChessBase"]
[SourceDate "2022.09.30"]
[SourceVersion "1"]
[SourceVersionDate "2022.09.30"]
[SourceQuality "1"]
[WhiteTeam "Team Lower Elo"]
[BlackTeam "Team Higher Elo"]
[WhiteTeamCountry "HUN"]
[BlackTeamCountry "HUN"]

1. c4 Nf6 2. Nc3 c6 3. e4 d6 4. Nge2 e5 5. g3 b5 6. cxb5 cxb5 7. Bg2 a6 8. 0-0 Be7 9. d3 0-0 10. h3 Nbd7 11. Be3 Bb7 12. d4 b4 13. Nd5 Nxd5 14. exd5 Bf6 15. Qd2 a5 16. a3 Nb6 17. Rfc1 e4 18. Nf4 Re8 19. axb4 a4 20. Bf1 Qd7 21. Rc3 Bg5 22. Rac1 Bxf4 23. Rc7 Bxe3 24. fxe3 Qf5 25. Rxb7 Nxd5 26. Bc4 Reb8 27. Rf1 Qg5 28. Rbxf7 Kh8 29. Qf2 Nf6 30. h4 Qg6 31. Rc7 d5 32. Ba2 Rxb4 33. Bxd5 Rab8 34. Bf7 Qh6 35. Rc3 R4b6 36. Qf5 Rf8 37. Qc5 Rbb8 38. Qe7 Rfc8 39. Rfc1 Rd8 40. Kg2 Rxb2+ 41. R1c2 Rbb8 42. Rf2 Rd7 43. Qe5 Rf8 44. Be8 Ra7 45. Qc5 Rxe8 46. Qxa7 Nd5 47. Qf7 1-0

[Event "Budapes FS06 Nadassy"]
[Site "Budapest"]
[Date "2022.06.10"]
[Round "6"]
[White "Zoldy, Robert"]
[Black "Juracsik, Jozsef"]
[Result "0-1"]
[WhiteElo "1884"]
[BlackElo "1914"]
[PlyCount "132"]
[EventDate "2022.06.04"]
[EventType "schev"]
[EventRounds "9"]
[EventCountry "HUN"]
[SourceTitle "EXT 2023"]
[Source "ChessBase"]
[SourceDate "2022.10.05"]
[SourceVersion "1"]
[SourceVersionDate "2022.10.05"]
[SourceQuality "1"]
[WhiteTeam "Team Lower Elo"]
[BlackTeam "Team Higher Elo"]
[WhiteTeamCountry "HUN"]
[BlackTeamCountry "HUN"]

1. c4 Nf6 2. Nc3 g6 3. g3 d6 4. Bg2 Bg7 5. e4 e5 6. Nge2 Be6 7. d3 Qd7 8. Qb3 Nc6 9. Nd5 Rb8 10. Bg5 Ng8 11. 0-0 f6 12. Be3 Nge7 13. Qd1 0-0 14. Qd2 a6 15. Rad1 Rf7 16. d4 exd4 17. Nxd4 Nxd4 18. Bxd4 Nc6 19. Bc3 Bh3 20. Bxh3 Qxh3 21. Nf4 Qc8 22. Qd5 Bh6 23. Ng2 Ne7 24. Qd3 Qe6 25. b3 Re8 26. f4 Nc6 27. Rde1 Qh3 28. Qd5 Qe6 29. Qd1 Qc8 30. f5 g5 31. Qh5 Bg7 32. h4 h6 33. hxg5 hxg5 34. Qh1 Bf8 35. Qh5 Ne5 36. Ne3 Rh7 37. Qe2 Qd8 38. Kg2 Ree7 39. Rd1 Rd7 40. Rh1 Qe8 41. Nd5 Bg7 42. Rxh7 Kxh7 43. Ba5 Qf7 44. Rh1+ Kg8 45. Qh5 Qxh5 46. Rxh5 c6 47. Nb6 Rf7 48. Bb4 Bf8 49. Bc3 Be7 50. Nc8 Bf8 51. Nb6 Be7 52. Nc8 Bf8 53. Nb6 Re7 54. Bxe5 dxe5 55. Rh1 Rc7 56. Rd1 Kf7 57. Rd7+ Rxd7 58. Nxd7 Bb4 59. Nb6 Ke7 60. Kf3 Bc3 61. a3 Bd4 62. Na4 b5 63. g4 bxa4 64. bxa4 Kd6 65. Ke2 Bb6 66. Kd3 Kc5 0-1

[Event "Budapes FS06 Nadassy"]
[Site "Budapest"]
[Date "2022.06.04"]
[Round "1"]
[White "Hradeczky, Tamas"]
[Black "Zoldy, Robert"]
[Result "1-0"]
[WhiteElo "1927"]
[BlackElo "1884"]
[PlyCount "59"]
[EventDate "2022.06.04"]
[EventType "schev"]
[EventRounds "9"]
[EventCountry "HUN"]
[SourceTitle "EXT 2023"]
[Source "ChessBase"]
[SourceDate "2022.10.05"]
[SourceVersion "1"]
[SourceVersionDate "2022.10.05"]
[SourceQuality "1"]
[WhiteTeam "Team Higher Elo"]
[BlackTeam "Team Lower Elo"]
[WhiteTeamCountry "HUN"]
[BlackTeamCountry "HUN"]

1. d4 d5 2. Nf3 Nf6 3. c4 dxc4 4. Na3 c5 5. Nxc4 Nc6 6. Be3 Be6 7. Nce5 cxd4 8. Nxc6 bxc6 9. Bxd4 Bd5 10. e3 e6 11. Qa4 a5 12. Be2 Bb4+ 13. Bc3 Bxc3+ 14. bxc3 0-0 15. 0-0 Ne4 16. Qc2 c5 17. c4 Bc6 18. Ne5 Qc7 19. Nxc6 Qxc6 20. Bf3 f5 21. Rfd1 Rfd8 22. Rab1 Rab8 23. Rxd8+ Rxd8 24. g3 Kf7 25. Rb5 Ra8 26. Qb2 Ra7 27. Qe5 Rb7 28. Bxe4 fxe4 29. Rxc5 Qd7 30. Qxe4 1-0

[Event "Budapest FS08 Nadassy"]
[Site "Budapest"]
[Date "2019.08.13"]
[Round "10"]
[White "Zoldy, Robert"]
[Black "Poor, Sandor"]
[Result "1/2-1/2"]
[WhiteElo "1965"]
[BlackElo "2227"]
[PlyCount "59"]
[EventDate "2019.08.03"]
[EventType "team-swiss"]
[EventRounds "10"]
[EventCountry "HUN"]
[SourceTitle "EXT 2020"]
[Source "ChessBase"]
[SourceDate "2019.10.17"]
[SourceVersion "1"]
[SourceVersionDate "2019.10.17"]
[SourceQuality "1"]
[WhiteTeam "Lower Elo"]
[BlackTeam "Higher Elo"]
[WhiteTeamCountry "HUN"]
[BlackTeamCountry "HUN"]

1. e4 c5 2. c3 d5 3. exd5 Qxd5 4. d4 Nc6 5. Nf3 Nf6 6. Be2 cxd4 7. cxd4 e6 8. 0-0 Be7 9. Nc3 Qd6 10. Nb5 Qd8 11. Bf4 Nd5 12. Bg3 a6 13. Nc3 0-0 14. Rc1 Nf6 15. h3 Bd7 16. Ne5 Be8 17. Nf3 b5 18. a3 Rc8 19. Qd3 Qb6 20. Ne4 Nxe4 21. Qxe4 Bd7 22. Bh4 Bxh4 23. Qxh4 Qd8 24. Qe4 Re8 25. Bd3 g6 26. Rfe1 Ne7 27. Ne5 Rxc1 28. Rxc1 Nd5 29. h4 Qe7 30. g3 1/2-1/2

[Event "Budapest FS08 Nadassy"]
[Site "Budapest"]
[Date "2019.08.10"]
[Round "7"]
[White "Mayer, Istvan"]
[Black "Zoldy, Robert"]
[Result "1-0"]
[WhiteElo "1961"]
[BlackElo "1965"]
[PlyCount "41"]
[EventDate "2019.08.03"]
[EventType "team-swiss"]
[EventRounds "10"]
[EventCountry "HUN"]
[SourceTitle "EXT 2020"]
[Source "ChessBase"]
[SourceDate "2019.10.17"]
[SourceVersion "1"]
[SourceVersionDate "2019.10.17"]
[SourceQuality "1"]
[WhiteTeam "Higher Elo"]
[BlackTeam "Lower Elo"]
[WhiteTeamCountry "HUN"]
[BlackTeamCountry "HUN"]

1. e4 e5 2. Nf3 Nc6 3. Bb5 a6 4. Ba4 Nf6 5. 0-0 b5 6. Bb3 Bb7 7. d4 exd4 8. e5 Ne4 9. c3 d3 10. Bd5 Na5 11. Bxb7 Nxb7 12. Qxd3 Nec5 13. Qe2 Be7 14. Nbd2 0-0 15. Nd4 d6 16. Nc6 Qd7 17. Qf3 dxe5 18. Nxe5 Qe6 19. Nc6 Nd6 20. Qd5 Nc8 21. Nxe7+ 1-0

[Event "Budapest Karacsonyi op 10th"]
[Site "Budapest"]
[Date "2018.12.29"]
[Round "5"]
[White "Zoldy, Robert"]
[Black "Lakat, Gyula"]
[Result "1/2-1/2"]
[WhiteElo "1949"]
[BlackElo "1763"]
[PlyCount "36"]
[EventDate "2018.12.27"]
[EventType "swiss"]
[EventRounds "7"]
[EventCountry "HUN"]
[SourceTitle "CBM 188 Extra"]
[Source "ChessBase"]
[SourceDate "2019.02.26"]
[SourceVersion "1"]
[SourceVersionDate "2019.02.26"]
[SourceQuality "1"]

1. e4 c6 2. Nc3 d5 3. Nf3 Bg4 4. h3 Bh5 5. Be2 Bg6 6. Bd3 e6 7. Qe2 Ne7 8. exd5 cxd5 9. Bb5+ Nbc6 10. d4 a6 11. Bd3 Nf5 12. Be3 Nxe3 13. Qxe3 Be7 14. 0-0 0-0 15. a3 Bf6 16. Ne2 Qb6 17. Rab1 e5 18. Bxg6 hxg6 1/2-1/2

[Event "HUN-chT2 Breyer 1819"]
[Site "Hungary"]
[Date "2018.12.02"]
[Round "3.7"]
[White "Zoldy, Robert"]
[Black "Pasztor, Balazs"]
[Result "0-1"]
[WhiteElo "1930"]
[BlackElo "2118"]
[PlyCount "80"]
[EventDate "2018.10.28"]
[EventType "team-tourn"]
[EventRounds "9"]
[EventCountry "HUN"]
[SourceTitle "CBM 189 Extra"]
[Source "ChessBase"]
[SourceDate "2019.06.03"]
[SourceVersion "1"]
[SourceVersionDate "2019.06.03"]
[SourceQuality "1"]
[WhiteTeam "Paty"]
[BlackTeam "Naszaly Geniusz Tata"]
[WhiteTeamCountry "HUN"]
[BlackTeamCountry "HUN"]

1. e4 e5 2. Nf3 Nc6 3. Nc3 Nf6 4. Bb5 Bb4 5. 0-0 0-0 6. d3 d6 7. Bg5 Ne7 8. Ne2 Ng6 9. c3 Ba5 10. h3 h6 11. Be3 Nh5 12. d4 Qf6 13. Qa4 Bb6 14. dxe5 dxe5 15. Bd7 Bxe3 16. fxe3 Qb6 17. Rae1 Bxd7 18. Qxd7 Nf6 19. Qf5 Qxe3+ 20. Kh2 Qxe4 21. Ng3 Qxf5 22. Nxf5 Rfe8 23. Nd2 Re6 24. g3 Ne7 25. Ne3 Rd8 26. Rf2 Nfd5 27. Nec4 f6 28. Nb3 Rc8 29. a3 c5 30. Ncd2 b6 31. a4 Rf8 32. a5 f5 33. axb6 axb6 34. Nc4 e4 35. Rfe2 h5 36. Nbd2 b5 37. Na3 b4 38. cxb4 Nxb4 39. Re3 Ned5 40. Rb3 Rfe8 0-1

[Event "Budapest FS08 Nadassy"]
[Site "Budapest"]
[Date "2018.08.08"]
[Round "5.5"]
[White "Szalanczy, Emil"]
[Black "Zoldy, Robert"]
[Result "1-0"]
[WhiteElo "2201"]
[BlackElo "1894"]
[PlyCount "75"]
[EventDate "2018.08.04"]
[EventType "team-tourn"]
[EventRounds "10"]
[EventCountry "HUN"]
[SourceTitle "CBM 186 Extra"]
[Source "ChessBase"]
[SourceDate "2018.08.24"]
[SourceVersion "1"]
[SourceVersionDate "2018.08.24"]
[SourceQuality "1"]
[WhiteTeam "Higher Elo"]
[BlackTeam "Lower Elo"]
[WhiteTeamCountry "HUN"]
[BlackTeamCountry "HUN"]

1. e4 Nf6 2. e5 Nd5 3. d4 d6 4. c4 Nb6 5. exd6 cxd6 6. Nc3 g6 7. Bd3 Bg7 8. Nge2 0-0 9. 0-0 Nc6 10. Be3 e5 11. d5 Ne7 12. Rc1 f5 13. f3 Bd7 14. Qb3 f4 15. Bf2 Nf5 16. Ne4 Kh8 17. Qb4 Be8 18. b3 Rf7 19. a4 Bf8 20. a5 Nd7 21. Qc3 Nc5 22. Nxc5 dxc5 23. Nxf4 Nd4 24. Ne6 Nxe6 25. dxe6 Re7 26. Be4 Rxe6 27. Bxb7 Rb8 28. Bd5 Ra6 29. f4 Bg7 30. fxe5 Qxa5 31. Qe3 Bd7 32. Rce1 Be6 33. Bh4 Qa3 34. Bf6 Qxb3 35. Qh6 Rg8 36. Rb1 Qc3 37. Qxg7+ Rxg7 38. Rb8+ 1-0

[Event "Budapest FS08 Nadassy"]
[Site "Budapest"]
[Date "2018.08.07"]
[Round "4.1"]
[White "Zoldy, Robert"]
[Black "Mayer, Istvan"]
[Result "0-1"]
[WhiteElo "1894"]
[BlackElo "2057"]
[PlyCount "60"]
[EventDate "2018.08.04"]
[EventType "team-tourn"]
[EventRounds "10"]
[EventCountry "HUN"]
[SourceTitle "CBM 186 Extra"]
[Source "ChessBase"]
[SourceDate "2018.08.24"]
[SourceVersion "1"]
[SourceVersionDate "2018.08.24"]
[SourceQuality "1"]
[WhiteTeam "Lower Elo"]
[BlackTeam "Higher Elo"]
[WhiteTeamCountry "HUN"]
[BlackTeamCountry "HUN"]

1. f4 d5 2. Nf3 Nf6 3. g3 c5 4. Bg2 Nc6 5. 0-0 Qc7 6. d3 Bg4 7. Nbd2 Rd8 8. c3 g6 9. Qc2 Bg7 10. e4 dxe4 11. dxe4 0-0 12. Nc4 b5 13. Nce5 Nxe5 14. Nxe5 Bc8 15. Be3 Bb7 16. Rad1 Rd6 17. h3 Rfd8 18. Rxd6 exd6 19. Ng4 Qe7 20. Nxf6+ Bxf6 21. Re1 Re8 22. Bf2 Qe6 23. e5 Bxg2 24. Kxg2 dxe5 25. a4 bxa4 26. Qe4 exf4 27. Qxa4 f3+ 28. Kh2 Be5 29. Qxa7 Qd6 30. Qa1 Bxg3+ 0-1

[Event "Budapest-chT1 Lilienthal 1718"]
[Site "Budapest"]
[Date "2018.04.15"]
[Round "13"]
[White "Vegh, Karoly"]
[Black "Zoldy, Robert"]
[Result "1/2-1/2"]
[WhiteElo "1981"]
[BlackElo "1868"]
[PlyCount "65"]
[EventDate "2017.10.01"]
[EventType "team-tourn"]
[EventRounds "13"]
[EventCountry "HUN"]
[SourceTitle "EXT 2021"]
[Source "ChessBase"]
[SourceDate "2020.10.23"]
[SourceVersion "1"]
[SourceVersionDate "2020.10.23"]
[SourceQuality "1"]
[WhiteTeam "Palota Sakk"]
[BlackTeam "Budapest Ujpest KSE"]
[WhiteTeamCountry "HUN"]
[BlackTeamCountry "HUN"]

1. e4 Nf6 2. e5 Nd5 3. Bc4 Nb6 4. Bb3 d6 5. exd6 cxd6 6. Nf3 g6 7. 0-0 Bg7 8. d4 0-0 9. Re1 d5 10. c3 Nc6 11. h3 Bf5 12. Nbd2 Rc8 13. Nf1 Na5 14. Ng3 Nac4 15. Nxf5 gxf5 16. Nh4 e6 17. Qh5 Bf6 18. Nf3 Rc6 19. Bc2 Bg7 20. g4 Nd6 21. Kf1 Nd7 22. Bg5 Qb6 23. Be7 Qxb2 24. Bxf8 Kxf8 25. Ba4 b5 26. Rab1 Qxc3 27. gxf5 Nf6 28. Qg5 Qxf3 29. fxe6 fxe6 30. Bd1 Qd3+ 31. Be2 Qxh3+ 32. Kg1 Nde4 33. Qf4 1/2-1/2

[Event "Budapest Karacsonyi op"]
[Site "Budapest"]
[Date "2017.12.30"]
[Round "6"]
[White "Zoldy, Robert"]
[Black "Karacsonyi, Gellert"]
[Result "0-1"]
[WhiteElo "1858"]
[BlackElo "2163"]
[PlyCount "84"]
[EventDate "2017.12.27"]
[EventType "swiss"]
[EventRounds "7"]
[EventCountry "HUN"]
[SourceTitle "CBM 182 Extra"]
[Source "ChessBase"]
[SourceDate "2018.02.23"]
[SourceVersion "1"]
[SourceVersionDate "2018.02.23"]
[SourceQuality "1"]

1. b3 c5 2. Bb2 Nc6 3. Nf3 d5 4. e3 Bg4 5. h3 Bxf3 6. Qxf3 e6 7. Bb5 Nf6 8. 0-0 Be7 9. d3 0-0 10. Bxc6 bxc6 11. Nd2 Nd7 12. e4 Bf6 13. Bxf6 Nxf6 14. Qe3 Nd7 15. f4 Qe7 16. Qf3 Rab8 17. Rae1 Qd8 18. a4 Qa5 19. Re2 Qc3 20. Nb1 Qb4 21. f5 c4 22. dxc4 dxc4 23. Nd2 cxb3 24. cxb3 Nc5 25. f6 Qd4+ 26. Kh1 Qxf6 27. Qe3 Qe7 28. Rc1 Na6 29. Rxc6 Nb4 30. Rc4 Rfd8 31. Qc3 Nd3 32. Rc7 Qh4 33. Nf3 Qg3 34. Qc2 Nf4 35. Rf2 Nxg2 36. Rxf7 Ne3 37. Qe2 Qxh3+ 38. Rh2 Qf1+ 39. Qxf1 Nxf1 40. Rf2 Ng3+ 41. Kg2 Nxe4 42. Re2 Kxf7 0-1

[Event "Budapest-chT1 Lilienthal 1718"]
[Site "Budapest"]
[Date "2017.10.15"]
[Round "2"]
[White "Letay, Gyula"]
[Black "Zoldy, Robert"]
[Result "1/2-1/2"]
[WhiteElo "1966"]
[BlackElo "1868"]
[PlyCount "102"]
[EventDate "2017.10.01"]
[EventType "team-tourn"]
[EventRounds "13"]
[EventCountry "HUN"]
[SourceTitle "EXT 2021"]
[Source "ChessBase"]
[SourceDate "2020.10.23"]
[SourceVersion "1"]
[SourceVersionDate "2020.10.23"]
[SourceQuality "1"]
[WhiteTeam "Budapest Vasas II"]
[BlackTeam "Budapest Ujpest KSE"]
[WhiteTeamCountry "HUN"]
[BlackTeamCountry "HUN"]

1. Nf3 f5 2. d3 Nf6 3. Nbd2 d5 4. g3 Nc6 5. Bg2 e5 6. 0-0 Bd6 7. c4 d4 8. Nb3 Qe7 9. e3 dxe3 10. fxe3 0-0 11. a3 a5 12. Qc2 a4 13. Nbd2 Bc5 14. Nb1 Ng4 15. Re1 f4 16. gxf4 Rxf4 17. Nc3 Be6 18. Kh1 Rxf3 19. Bxf3 Qh4 20. Rf1 Rf8 21. Qg2 Nxe3 22. Bxe3 Bxe3 23. Bd5 Nd4 24. Rxf8+ Kxf8 25. Rf1+ Kg8 26. Bxe6+ Nxe6 27. Qd5 Qh3 28. Rf3 Qh6 29. Rxe3 Qxe3 30. Qxe6+ Kf8 31. Qf5+ Kg8 32. Qf1 c6 33. Ne4 h6 34. Nd6 Qd2 35. Nf5 Qg5 36. Nd6 Qd2 37. Nxb7 Qxb2 38. Nd8 Qxa3 39. Nxc6 Qd6 40. Na5 Qb6 41. Qe1 Qa7 42. Qc3 Qf2 43. Qc1 Qf3+ 44. Kg1 Qxd3 45. c5 a3 46. c6 Qd4+ 47. Kg2 Qb2+ 48. Qxb2 axb2 49. c7 b1Q 50. c8Q+ Kh7 51. Nc6 Qc2+ 1/2-1/2

[Event "Budapest FS08 FM"]
[Site "Budapest"]
[Date "2017.08.14"]
[Round "8"]
[White "Eperjesi, Laszlo"]
[Black "Zoldy, Robert"]
[Result "1-0"]
[WhiteElo "2098"]
[BlackElo "1884"]
[PlyCount "27"]
[EventDate "2017.08.05"]
[EventType "tourn"]
[EventRounds "9"]
[EventCountry "HUN"]
[SourceTitle "CBM 180 Extra"]
[Source "ChessBase"]
[SourceDate "2017.10.06"]
[SourceVersion "1"]
[SourceVersionDate "2017.10.06"]
[SourceQuality "1"]

1. d4 f5 2. g3 Nf6 3. Bg2 g6 4. Nf3 Bg7 5. 0-0 0-0 6. b3 d6 7. Bb2 c6 8. Nbd2 a5 9. a3 Nbd7 10. c4 Qe8 11. Re1 e5 12. dxe5 dxe5 13. e4 f4 14. Qc2 1-0

[Event "Budapest FS08 FM"]
[Site "Budapest"]
[Date "2017.08.09"]
[Round "5"]
[White "Zoldy, Robert"]
[Black "Cimpean, Andra"]
[Result "1/2-1/2"]
[WhiteElo "1884"]
[BlackElo "1959"]
[PlyCount "64"]
[EventDate "2017.08.05"]
[EventType "tourn"]
[EventRounds "9"]
[EventCountry "HUN"]
[SourceTitle "CBM 180 Extra"]
[Source "ChessBase"]
[SourceDate "2017.10.06"]
[SourceVersion "1"]
[SourceVersionDate "2017.10.06"]
[SourceQuality "1"]

1. e4 d5 2. exd5 Qxd5 3. Nc3 Qd6 4. d4 c6 5. Nf3 Bg4 6. Be2 Nd7 7. 0-0 Ngf6 8. h3 Bh5 9. Bg5 e6 10. Qd2 Qc7 11. Rfe1 Bd6 12. Nh4 Bxe2 13. Rxe2 h6 14. Bxf6 Nxf6 15. Qd3 0-0-0 16. Ne4 Nxe4 17. Qxe4 Rhe8 18. Nf3 f5 19. Qe3 g5 20. c4 Bf4 21. Qa3 Kb8 22. Rae1 g4 23. hxg4 fxg4 24. Ne5 Rxd4 25. Qc5 Bxe5 26. Rxe5 Rd2 27. Qb4 Qd7 28. c5 g3 29. fxg3 Rd4 30. Qb3 Rd5 31. Qe3 Rd1 32. Qf4 Kc8 1/2-1/2

[Event "Budapest FS08 FM"]
[Site "Budapest"]
[Date "2017.08.08"]
[Round "4"]
[White "Farago, Sandor"]
[Black "Zoldy, Robert"]
[Result "1-0"]
[WhiteElo "2270"]
[BlackElo "1884"]
[PlyCount "117"]
[EventDate "2017.08.05"]
[EventType "tourn"]
[EventRounds "9"]
[EventCountry "HUN"]
[SourceTitle "CBM 180 Extra"]
[Source "ChessBase"]
[SourceDate "2017.10.06"]
[SourceVersion "1"]
[SourceVersionDate "2017.10.06"]
[SourceQuality "1"]

1. e4 d5 2. exd5 Qxd5 3. Nc3 Qa5 4. g3 g6 5. Bg2 Bg7 6. Nge2 Nf6 7. b4 Qf5 8. h3 0-0 9. Rb1 Rd8 10. g4 Qd7 11. d3 c6 12. 0-0 b6 13. g5 Nd5 14. Ne4 Na6 15. a3 Bb7 16. c4 Ndc7 17. Rb3 Ne6 18. Be3 c5 19. b5 Nac7 20. Nf6+ exf6 21. Bxb7 Nxg5 22. Bxg5 fxg5 23. Bxa8 Nxa8 24. Qd2 Nc7 25. Qxg5 Ne6 26. Qg3 Re8 27. Rbb1 Nd4 28. Nxd4 Bxd4 29. Rfe1 Re6 30. Rxe6 Qxe6 31. Kf1 Bc3 32. Qe3 Qf5 33. Ke2 Qh5+ 34. Qf3 Qe5+ 35. Kf1 Kg7 36. Kg2 Qg5+ 37. Kf1 Qe5 38. a4 Bd2 39. Rd1 Bc3 40. Rc1 h5 41. Qe3 Qf6 42. Rc2 Bd4 43. Qe4 Qg5 44. Re2 Qc1+ 45. Kg2 Qg5+ 46. Kh2 Qf6 47. f4 Qd6 48. Rg2 Kh6 49. h4 Qf6 50. Kh3 Qd6 51. f5 Qd7 52. Kh2 Qd6+ 53. Kh1 Qd7 54. Kh2 Qd6+ 55. Kh1 Qd7 56. Qf4+ Kh7 57. Rg5 Qe7 58. Qe4 Qf6 59. fxg6+ 1-0

[Event "Budapest FS08 FM"]
[Site "Budapest"]
[Date "2017.08.05"]
[Round "1"]
[White "Zoldy, Robert"]
[Black "Zoltan, Andras"]
[Result "0-1"]
[WhiteElo "1884"]
[BlackElo "1913"]
[PlyCount "88"]
[EventDate "2017.08.05"]
[EventType "tourn"]
[EventRounds "9"]
[EventCountry "HUN"]
[SourceTitle "CBM 180 Extra"]
[Source "ChessBase"]
[SourceDate "2017.10.06"]
[SourceVersion "1"]
[SourceVersionDate "2017.10.06"]
[SourceQuality "1"]

1. e4 e5 2. Nf3 Nc6 3. d4 exd4 4. Nxd4 Qh4 5. Nc3 Bb4 6. Ndb5 Ba5 7. Be2 a6 8. Nd4 Qxe4 9. Nxc6 dxc6 10. 0-0 Bxc3 11. bxc3 Be6 12. Re1 Qd5 13. Bf4 0-0-0 14. Qc1 Nf6 15. Qa3 a5 16. Bf3 Qb5 17. Rab1 Qa6 18. Re5 Nd5 19. Bg3 b6 20. Be2 Qa7 21. c4 Nf6 22. Qa4 c5 23. Bd3 h6 24. h3 Bd7 25. Qa3 Rde8 26. Rbe1 Rxe5 27. Rxe5 Re8 28. Qc3 Be6 29. Qe1 Qb7 30. f4 Qc6 31. f5 Bd7 32. Rxe8+ Bxe8 33. Qe7 Qd7 34. Qe5 Qd4+ 35. Kf1 Qxe5 36. Bxe5 Bc6 37. g4 Ne8 38. Kf2 f6 39. Bf4 Nd6 40. Ke3 Bb7 41. h4 Ba6 42. g5 hxg5 43. hxg5 fxg5 44. Bxg5 Bxc4 0-1

[Event "Budapest FS08 FM-A"]
[Site "Budapest"]
[Date "2016.08.07"]
[Round "2"]
[White "Zoldy, Robert"]
[Black "Fodor, Balazs"]
[Result "1/2-1/2"]
[WhiteElo "1910"]
[BlackElo "2113"]
[PlyCount "56"]
[EventDate "2016.08.06"]
[EventType "tourn"]
[EventRounds "10"]
[EventCountry "HUN"]
[SourceTitle "CBM 173 Extra"]
[Source "ChessBase"]
[SourceDate "2016.08.29"]
[SourceVersion "1"]
[SourceVersionDate "2016.08.29"]
[SourceQuality "1"]

1. e4 e6 2. d4 d5 3. exd5 exd5 4. Nf3 Nf6 5. Bd3 Bg4 6. 0-0 Be7 7. h3 Bh5 8. Bf4 0-0 9. Nbd2 Nbd7 10. Re1 Re8 11. Nf1 Nf8 12. Ng3 Bg6 13. Nf5 Ne6 14. Bh2 Bf8 15. c3 Ne4 16. g4 Bxf5 17. gxf5 N6g5 18. Nxg5 Nxg5 19. Qg4 f6 20. Rxe8 Qxe8 21. Bxc7 Qd7 22. Bf4 Nf7 23. Re1 Qa4 24. a3 Qb3 25. Qe2 Rd8 26. c4 Rd7 27. Qe8 Rd8 28. Qe2 Rd7 1/2-1/2

[Event "Budapest FS07 FM"]
[Site "Budapest"]
[Date "2016.07.11"]
[Round "10"]
[White "Zoldy, Robert"]
[Black "Baktiar, Hamd Mohammed"]
[Result "0-1"]
[WhiteElo "1911"]
[BlackElo "1905"]
[PlyCount "134"]
[EventDate "2016.07.02"]
[EventType "tourn"]
[EventRounds "10"]
[EventCountry "HUN"]
[SourceTitle "CBM 173 Extra"]
[Source "ChessBase"]
[SourceDate "2016.08.29"]
[SourceVersion "1"]
[SourceVersionDate "2016.08.29"]
[SourceQuality "1"]

1. e4 c5 2. Nf3 g6 3. c3 Bg7 4. d4 cxd4 5. cxd4 d5 6. e5 Bg4 7. Bb5+ Nd7 8. 0-0 e6 9. Nbd2 Ne7 10. h3 Bxf3 11. Nxf3 0-0 12. b3 a6 13. Bd3 Qb6 14. Be3 Rac8 15. Qd2 Nc6 16. Rac1 f6 17. exf6 Bxf6 18. Bb1 Qb4 19. Qxb4 Nxb4 20. a3 Nc6 21. b4 b5 22. Rfd1 Nb6 23. Ng5 Bxg5 24. Bxg5 Nc4 25. Rc3 Kg7 26. Rg3 h6 27. Bc1 Ne7 28. Re1 Rf6 29. h4 Nd6 30. h5 g5 31. f4 Nef5 32. Rg4 Nf7 33. fxg5 hxg5 34. Bxg5 Nxg5 35. Rxg5+ Kh6 36. Rg6+ Rxg6 37. hxg6 Nxd4 38. Kf2 Rc3 39. Re3 Rxe3 40. Kxe3 e5 41. Bd3 Nc6 42. Bf5 Ne7 43. Bd7 Kxg6 44. a4 bxa4 45. Bxa4 Nf5+ 46. Kd3 Nd6 47. Bc6 d4 48. g3 Kf5 49. Bd7+ Kg5 50. Be6 Kf6 51. Bd7 Ke7 52. Bh3 Kd8 53. Bf1 Kc7 54. Bg2 Kb6 55. g4 Kc7 56. Bf1 Kd7 57. Kc2 Nb5 58. Kd3 Ke6 59. Ke4 Nd6+ 60. Kf3 e4+ 61. Kf4 d3 62. Ke3 Ke5 63. Bxd3 exd3 64. Kxd3 Kd5 65. g5 Nf7 66. Kc3 Nxg5 67. b5 axb5 0-1

[Event "Budapest FS07 FM"]
[Site "Budapest"]
[Date "2016.07.08"]
[Round "7"]
[White "Steenstrup, Svend"]
[Black "Zoldy, Robert"]
[Result "0-1"]
[WhiteElo "1951"]
[BlackElo "1911"]
[PlyCount "54"]
[EventDate "2016.07.02"]
[EventType "tourn"]
[EventRounds "10"]
[EventCountry "HUN"]
[SourceTitle "CBM 173 Extra"]
[Source "ChessBase"]
[SourceDate "2016.08.29"]
[SourceVersion "1"]
[SourceVersionDate "2016.08.29"]
[SourceQuality "1"]

1. e4 c5 2. Nc3 Nc6 3. f4 g6 4. Nf3 Bg7 5. Bb5 Nd4 6. Bc4 e6 7. e5 d5 8. Bb5+ Bd7 9. Bxd7+ Qxd7 10. Nxd4 cxd4 11. Ne2 Qe7 12. Nxd4 Bxe5 13. c3 Bg7 14. Qa4+ Qd7 15. Nb5 Rd8 16. b3 Ne7 17. Nd6+ Kf8 18. Ba3 a6 19. Qb4 Rb8 20. Qb6 Kg8 21. 0-0 Nc6 22. f5 exf5 23. Qc5 Bf8 24. Qxd5 Rd8 25. Qxf7+ Qxf7 26. Nxf7 Kxf7 27. Bb2 Rxd2 0-1